Decision models for management /

Bibliographic Details
Main Author: Byrd, Jack
Other Authors: Moore, L. Ted
Format: Book
Language:English
Published: New York : McGraw-Hill, [1982]
Series:McGraw-Hill series in quantitative methods for management.
Subjects:

MARC

Tag First Indicator Second Indicator Subfields
LEADER 00000pam a2200000 a 4500
001 in00000073933
005 20151008060059.0
008 810626s1982 nyua b 00110 eng
010 |a  81011747  
020 |a 0070095116 :  |c $17.00 (est.) 
035 |a (OCoLC)07615428 
035 |9 AAJ5088AM 
039 0 |a 2  |b 3  |c 3  |d 3  |e 3 
040 |a DLC  |c DLC  |d TXA  |d UtOrBLW 
049 |a TXAM  |c [1672765] 
050 0 0 |a HD30.23  |b .B9 
082 0 |a 658.4/03  |2 19 
100 1 |a Byrd, Jack. 
245 1 0 |a Decision models for management /  |c Jack Byrd, Jr., L. Ted Moore. 
264 1 |a New York :  |b McGraw-Hill,  |c [1982] 
264 4 |c ©1982 
300 |a xvi, 407 pages :  |b illustrations ;  |c 25 cm. 
336 |a text  |b txt  |2 rdacontent 
337 |a unmediated  |b n  |2 rdamedia 
338 |a volume  |b nc  |2 rdacarrier 
490 1 |a McGraw-Hill series in quantitative methods for management 
504 |a Includes bibliographies and index. 
650 0 |a Decision making  |x Mathematical models. 
650 0 |a Operations research. 
700 1 |a Moore, L. Ted. 
830 0 |a McGraw-Hill series in quantitative methods for management. 
999 |a MARS 
999 f f |s 79824bde-a6ea-3a5c-8fb1-a4b2a8f631f2  |i 2b13e472-d466-332a-8439-0dcd01af50ff  |t 0 
952 f f |p ric  |a Texas A&M University  |b Rellis Campus  |c Joint Library Facility  |d Remote Storage  |t 0  |e HD30.23 .B9  |h Library of Congress classification  |i unmediated -- volume  |m A14806123332 
998 f f |a HD30.23 .B9  |t 0  |l Remote Storage